Amor de alas /
Guardado en:
| Autor Principal: | |
|---|---|
| Otros Autores: | |
| Formato: | Libro |
| Publicado: |
Buenos Aires :
Ediciones de Arte Gaglianone,
1983
|
| Materias: | |
| Etiquetas: |
Agregar Etiqueta
Sin Etiquetas, Sea el primero en etiquetar este registro!
|
| LEADER | 00564nam a22001935a 4500 | ||
|---|---|---|---|
| 001 | CEM.cems012277 | ||
| 005 | 20101213104620.0 | ||
| 008 | 130507s1983##################000#0#####d | ||
| 003 | CEMS | ||
| 020 | |a 9500004286 | ||
| 082 | 0 | 4 | |a A863.4 |
| 100 | 1 | |a Poletti, Syria | |
| 245 | 1 | 0 | |a Amor de alas / |c Syria Poletti ; raúl Soldi |
| 260 | |a Buenos Aires : |b Ediciones de Arte Gaglianone, |c 1983 | ||
| 300 | |a 45 p. | ||
| 653 | |a Literatura | ||
| 653 | |a Literatura argentina-siglo 20 | ||
| 700 | 1 | |a Soldi, Raúl | |
| 859 | |a CEMS |b BIB. CEMS - 11 de abril |h A863.4 |i P758-4 |p 23504.06 |t Ej.1 | ||
